[Event "Mumbai Wealth U13 op 5th"]
[Site "Mumbai"]
[Date "2019.12.31"]
[Round "2"]
[White "Shrey, Nilkant"]
[Black "Mendonca, Leon Luke"]
[Result "0-1"]
[WhiteElo "1466"]
[BlackElo "2398"]
[PlyCount "64"]
[EventDate "2019.12.30"]
[EventType "swiss"]
[EventRounds "9"]
[EventCountry "IND"]
[SourceTitle "CBM 194 Extra"]
[Source "ChessBase"]
[SourceDate "2020.03.31"]
[SourceVersion "1"]
[SourceVersionDate "2020.03.31"]
[SourceQuality "1"]

1. e4 c5 2. Nc3 d6 3. f4 Nc6 4. Nf3 g6 5. Bb5 Bd7 6. 0-0 Bg7 7. d3 a6 8. Bxc6 Bxc6 9. Qe1 Qd7 10. e5 Nh6 11. exd6 Qxd6 12. Ne4 Qc7 13. Ne5 0-0 14. Nxc6 Qxc6 15. Ng3 e6 16. h3 Nf5 17. Nxf5 exf5 18. Rb1 Rfe8 19. Qd1 c4 20. c3 cxd3 21. Qxd3 Rad8 22. Qg3 Qe4 23. Ra1 Bf8 24. b4 Qc2 25. Ba3 Rd3 26. Rf3 Rd2 27. Rf2 Rxf2 28. Qxf2 Qxc3 29. Bb2 Qxb4 30. Kh1 Bc5 31. Qc2 Re1+ 32. Kh2 Qxf4+ 0-1

[Event "Mumbai Wealth op U13 4th"]
[Site "Mumbai"]
[Date "2018.12.31"]
[Round "2"]
[White "Gukesh, Dommaraju"]
[Black "Shrey, Nilkant"]
[Result "1-0"]
[WhiteElo "2466"]
[BlackElo "1466"]
[PlyCount "49"]
[EventDate "2018.12.30"]
[EventType "swiss"]
[EventRounds "9"]
[EventCountry "IND"]
[SourceTitle "CBM 188 Extra"]
[Source "ChessBase"]
[SourceDate "2019.02.26"]
[SourceVersion "1"]
[SourceVersionDate "2019.02.26"]
[SourceQuality "1"]

1. Nf3 d5 2. g3 c6 3. Bg2 Bg4 4. 0-0 Nd7 5. d3 Ngf6 6. h3 Bh5 7. Qe1 e5 8. e4 Bd6 9. exd5 Nxd5 10. Nxe5 Nxe5 11. d4 0-0 12. dxe5 Re8 13. f4 f6 14. e6 f5 15. Bd2 Qb6+ 16. Kh1 Qxb2 17. Nc3 Nxc3 18. Bxc3 Qxc2 19. Rf2 Qa4 20. Rd2 Rad8 21. Rb1 Qc4 22. Rxd6 Rxd6 23. Qe5 Re7 24. Qxd6 Rxe6 25. Qd7 1-0